Unscramble The Color (50 Colors) - Statistics

General Stats
  • This quiz has been taken 46 times
  • The average score is 30 of 50
Answer Stats
Hint Answer % Correct
rpuepl purple
95%
olewyl yellow
95%
rmoaon maroon
92%
mleno lemon
87%
nta tan
87%
ivolte violet
87%
wperinkeli periwinkle
82%
soer rose
82%
lclia lilac
79%
vroyi ivory
77%
gnoare orange
77%
digoni indigo
74%
ikhak khaki
74%
turs rust
74%
nows snow
74%
ealt teal
74%
leomn melon
72%
gbiee beige
69%
ecahp peach
69%
levirs silver
69%
waystrrreb strawberry
69%
rgybnuud burgundy
64%
oblatc cobalt
64%
aerldme emerald
64%
cihafus fuchsia
64%
eviol olive
64%
laosmn salmon
62%
gtenama magenta
59%
pbrasrrye raspberry
59%
oottam tomato
59%
ouiqestru turquoise
59%
allivan vanilla
59%
veladern lavender
56%
hatew wheat
56%
mnsiorc crimson
54%
proecp copper
51%
ihgmdnit midnight
51%
fraosfn saffron
49%
hsareipp sapphire
44%
lanpitum platinum
41%
kinlec nickel
38%
lrectsa scarlet
38%
nesani sienna
33%
syemtaht amethyst
31%
mienrca carmine
31%
sredet desert
28%
mureb umber
26%
banruu auburn
21%
mdciamu cadmium
21%
laiznari alizarin
3%
No matching quizzes found
Score Distribution
Percent of People with Each Score
Percentile by Number Answered
Your Score History
You have not taken this quiz